Normal view
MARC view
Entry Topical Term
001 - CONTROL NUMBER
- control field: 25814
003 - CONTROL NUMBER IDENTIFIER
- control field: OSt
005 - DATE AND TIME OF LATEST TRANSACTION
- control field: 20210727150917.0
008 - FIXED-LENGTH DATA ELEMENTS
- fixed length control field: 210727|| aca||aabn | a|a d
040 ## - CATALOGING SOURCE
- Original cataloging agency: OSt
- Transcribing agency: OSt
150 ## - HEADING--TOPICAL TERM
- Topical term or geographic name entry element: Voluntary compliance behaviors, Information disclosure, Containment measures, Government actions, The COVID-19 pandemic
670 ## - SOURCE DATA FOUND
- Source citation: Work cat.: (OSt): Fu, Yang Ma, Weihong Wu, Jinjin 25813, Fostering voluntary compliance in the Covid-19 pandemic: An analytical framework of information disclosure
